Normal view
MARC view
- Silva, María Luisa,
Entry Nombre Personal
001 - NUMERO DE CONTROL
- campo de control: 38937
003 - IDENTIFICADOR DE NUMERO DE CONTROL
- campo de control: MX-MxUPN
005 - FECHA Y HORA DE LA ÜLTIMA TRANSACCIÓN
- campo de control: 20250409105647.0
008 - DATOS DE LONGITUD FIJA
- campo de control de longitud fija: 250409nn acnnnaabn b aaa |d
035 ## - NUMERO DE CONTROL
- Número de control: UPN11000011044
040 ## - FUENTE DE CATALOGACIÓN
- Agencia original de catalogación: MX-MxUPN
- Lenguaje de catalogación: spa
100 1# - ENCABEZAMIENTO - NOMBRE PERSONAL
- Nombre personal: Silva, María Luisa,
- Fechas asociadas con el nombre: 1943-2020
670 ## - FUENTE EN LA QUE SE LOCALIZARON DATOS
- Cita de la fuente: T
- Uniform Resource Identifier: http://www.compartelibros.com/autor/maria-luisa-silva/1
670 ## - FUENTE EN LA QUE SE LOCALIZARON DATOS
- Cita de la fuente: María Luisa Silva, 9 abril 2025 :
- Información localizada: (Nació en Santiago de Chile en 1943)
- Uniform Resource Identifier: https://es.scribd.com/document/382484540/Mari-a-Luisa-Silva
670 ## - FUENTE EN LA QUE SE LOCALIZARON DATOS
- Cita de la fuente: Facebook, 9 abril 2025 :
- Información localizada: Publicación de Volantín (5 junio 2020; Sentimos profundamente la partida de María Luisa Silva, destacada escritora de literatura infantil)
- Uniform Resource Identifier: https://www.facebook.com/vuelavolantin/posts/sentimos-profundamente-la-partida-de-mar%C3%ADa-luisa-silva-destacada-escritora-de-li/1619715441519050/
680 ## - NOTA PUBLICA DE ACCESO PÚBLICO
- Frase explicativa de la referencia: Educadora, escritora y poeta chilena
902 ## - CATALOGADOR
- Catalogador: CAA/170816
- Catalogador: VíctorGodínez/090425
